Pierce the Veil Songs by Lyrics - Statistics

General Stats
  • This quiz has been taken 959 times
  • The average score is 7 of 13
Answer Stats
Hint Answer % Correct
"With Heaven above you, there's Hell over me." Hell Above
90%
"My love for you was bulletproof but you're the one who shot me." Bulletproof Love
87%
"The thing I think I love, will surely bring me pain, intoxication, paranoia, and a lot of fame." King for a Day
86%
"Do you know, I count you hearbeats before you sleep. I bite my fingernails to the bone, and I crawl back under the stairwell to the place I call my home." Bulls in the Bronx
79%
"But tonight I'll make you feel beautiful once again." Hold on Till May
63%
"I know that you're in pain, but if we die at the same time does it still scare you?" A Match into Water
58%
"But last night you said you ended up in Palm Springs dancing on tables." I'm Low on Gas and You Need a Jacket
58%
"No, at the top of our lungs. There's no, no such thing as too young. When second chances won't leave you alone." Kissing in Cars
49%
"But there's a beast in my heart and it won't let you leave alive." One Hundred Sleepless Nights
49%
"Someday we'll tell ourselves 'Oh my God this is paradise.'" Stained Glass Eyes and Colorful Tears
39%
"Don't mind me, I'm just reachin' for you're necklace, talkin' to my momma 'bout this little girl from Texas." Caraphernalia
32%
"Constant recovery, I see you choke and it takes my breath away." Tangled in the Great Escape
28%
"Does it even make a difference? When I'm sober I feel pain. As we run under the stars, through cemetery backyards, celebrate the way the night hides scars." Props & Mayhem
27%
No matching quizzes found
Score Distribution
Percent of People with Each Score
Percentile by Number Answered
Your Score History
You have not taken this quiz